000 00420nam a2200157 i 4500
001 134039
003 ES-MaACL
005 20230906194602.0
007 t|
008 070905s1912 xxk ||||1| eng d
100 1 _aWard, J. S. M.
_9116077
245 1 0 _aBrasses /
_cJ. S. M. Ward.
260 _aCambridge :
_bCambridge University Press,
_c1912.
300 _aV, 159 p. :
_bil. ;
_c16 cm.
852 _aES-MaACL
_jD-3278
999 _c134039
_d134039